[Event "HCL-M888"]
[Site "www.playchess.de"]
[Date "2006.03.30"]
[Round "34"]
[White "richard"]
[Black "gsmaior"]
[WhiteElo "1842"]
[BlackElo "2033"]
[PlyCount "114"]
[Result "0-1"]

1.e4 Nf6 {greetings from Rio de Janeiro, Brazil, a 
nice game to you !}  2.e5 Nd5 3.d4 d6 4.Nf3 Bf5 
5.Bd3 Bxd3 6.Qxd3 e6 7.O-O Nc6 8.c4 Nb6 9.exd6 
cxd6 10.Nc3 d5 11.c5 Nd7 12.Bf4 Be7 13.Nb5 Rc8 
14.Nd6+ Bxd6 15.Bxd6 Nf6 16.Ng5 Ng4 17.Nxe6 fxe6 
18.Qe2 Qf6 19.Qxg4 h5 20.Qh3 Nxd4 21.Rae1 Nf5 
22.Re2 Qf7 23.Rfe1 Rh6 24.Qd3 Nxd6 25.cxd6 Kd8 
26.Qe3 b6 27.Qh3 Rc6 28.b4 Rf6 29.b5 Rc5 30.a4 Kd7 
31.Qa3 Kxd6 32.Rc1 e5 33.Rec2 Qc7 34.h4 Qc8 35.a5 
Rf7 36.axb6 axb6 37.R2xc5 bxc5 38.Ra1 d4 39.Qb2 c4 
40.Ra6+ Kd5 41.Rc6 Qa8 42.Ra6 Qb7 43.Qa2 Rf6 
44.Ra7 Qb8 45.Rxg7 Qxb5 46.Qa8+ Qc6 47.Qg8+ Re6 
48.Qh7 d3 49.Rd7+ Rd6 50.Rc7 {(offering draw)}  
Qa4 51.Qg8+ Kd4 52.Qg5 Qd1+ 53.Kh2 Qe1 54.Qe7 Rd5 
55.Rc8 {looks hopeless for me}  d2 {the 
significant (sorry abou my poor english...) is 
that this is a game, a very good game... i think 
that you were better in the opening, in the middle 
game we were equal, and in final i am a little 
better...}  56.Qa7+ {till we meet again}  Kd3 {of 
course !}  57.Qa3+ Ke2 0-1

[Event "HCL-C4244"]
[Site "www.playchess.de"]
[Date "2006.03.30"]
[Round "19"]
[White "dc"]
[Black "Skipper_Robert"]
[WhiteElo "867"]
[BlackElo "909"]
[PlyCount "35"]
[Result "1-0"]

1.e4 {:-)}  e5 {hello}  2.d4 d5 3.dxe5 dxe4 4.Bd2 
Nc6 5.Nc3 f6 6.Nxe4 fxe5 7.Bd3 Nge7 8.Bg5 h6 9.Bh4 
g5 10.Qh5+ Kd7 11.Bb5 Nd5 12.O-O-O Ke7 13.Bxg5+ 
hxg5 14.Qxh8 a6 15.Bc4 Ke6 16.Bxd5+ Ke7 17.Qh7+ 
Ke8 18.Qf7+ {Nice game.}  1-0

[Event "HCL-B3960"]
[Site "www.playchess.de"]
[Date "2006.03.30"]
[Round "5"]
[White "Nutjob"]
[Black "GOChess"]
[WhiteElo "1568"]
[BlackElo "1370"]
[PlyCount "29"]
[Result "1-0"]

1.e4 {Greetings. I wish you a good game!}  e5 
{Thanks...}  2.Nf3 Nc6 3.Bc4 d6 4.d4 exd4 5.O-O h6 
6.c3 dxc3 7.Nxc3 Qe7 8.Nd5 Qd8 9.e5 dxe5 10.Qe2 f6 
11.Re1 Nge7 12.Nxf6+ gxf6 13.Nxe5 Nxe5 14.Qh5+ 
N5g6 15.Qxg6+ 1-0

[Event "HCL-C4254"]
[Site "www.playchess.de"]
[Date "2006.03.30"]
[Round "4"]
[White "lcs"]
[Black "nuvola75"]
[WhiteElo "800"]
[BlackElo "1611"]
[PlyCount "20"]
[Result "0-1"]

1.a4 d5 2.Nc3 e5 3.g4 Bxg4 4.Bg2 Nf6 5.Bh3 Bc5 
6.b3 Bxh3 7.Nxh3 Ng4 8.a5 Qh4 9.Rf1 Qxh3 10.Rg1 
Bxf2+ 0-1

[Event "HCL-M879"]
[Site "www.playchess.de"]
[Date "2006.03.30"]
[Round "21"]
[White "spidey"]
[Black "Faroe_Bamsa"]
[WhiteElo "1885"]
[BlackElo "2270"]
[PlyCount "78"]
[Result "0-1"]

1.d4 Nf6 {Hi, and a happy new year. Nice to meet 
you. I hope we will have a good and fair game. May 
the best player win - good luck!}  2.c4 {hi, Happy 
New Year to you as well.  Look forward to an 
exciting game.}  e6 3.Nc3 Bb4 4.e3 O-O 5.Bd3 c5 
6.Nge2 d5 7.O-O dxc4 8.Bxc4 Nc6 9.a3 cxd4 10.exd4 
Bd6 11.Qd3 Bd7 12.Ba2 Rc8 13.h3 Qa5 14.Be3 Ne7 
15.Rad1 Bc6 16.Bb1 h6 17.Rfe1 Rfd8 18.Bc1 Qb6 
19.b4 Qc7 20.b5 Bd5 21.Nxd5 Nexd5 22.Qf3 Qd7 
23.Bd3 b6 24.g4 Nc7 25.a4 Bb4 26.Ref1 Ncd5 27.h4 
Nc3 28.Nxc3 Rxc3 29.Bb2 Rc7 30.g5 hxg5 31.hxg5 Nd5 
32.Qe4 g6 33.Qh4 Qd6 34.Bc1 Nc3 35.Bf4 Qxd4 
36.Bxg6 Ne2+ 37.Kh1 fxg6 38.Rxd4 Rxd4 39.Qg4 
Rh7+ 0-1

[Event "HCL-A2631"]
[Site "www.playchess.de"]
[Date "2006.03.30"]
[Round "5"]
[White "stevetilbury"]
[Black "hal1958"]
[WhiteElo "1607"]
[BlackElo "1417"]
[PlyCount "59"]
[Result "1-0"]

1.e4 d6 {have a nice game}  2.d4 Nf6 3.Nc3 g6 4.f4 
Bg7 5.e5 dxe5 6.dxe5 Qxd1+ 7.Kxd1 Nfd7 8.Nf3 O-O 
9.Nd5 b6 10.Nxc7 Bb7 11.Nxa8 Bxa8 12.Bb5 Nc5 
13.Ke2 Rd8 14.Be3 Ne6 15.Rad1 Rxd1 16.Rxd1 Nc6 
17.c3 f6 18.Rd7 fxe5 19.Bxc6 Bxc6 20.Rxe7 Nxf4+ 
21.Bxf4 exf4 22.Rxa7 h6 23.Rc7 Bb5+ 24.Kd2 Bf1 
25.g3 fxg3 26.hxg3 Bg2 27.Ke3 Bf1 28.Rb7 b5 29.Nd4 
Bxd4+ 30.Kxd4 1-0

[Event "HCL-C4095"]
[Site "www.playchess.de"]
[Date "2006.03.30"]
[Round "1"]
[White "ocluanain"]
[Black "alauddin"]
[WhiteElo "977"]
[BlackElo "977"]
[PlyCount "55"]
[Result "1-0"]

1.e4 {Hello again.  Good luck.}  e5 {thanks... 
same to you...
}  2.Nf3 Nc6 3.Bb5 Qf6 4.O-O Bc5 5.c3 Nge7 6.d3 
O-O 7.Nbd2 d5 8.d4 exd4 9.c4 a6 10.Ba4 d3 11.Re1 
Qg6 12.exd5 Nd4 13.Ne5 Qf5 14.Ndf3 Ng6 15.Nxd3 
Nxf3+ 16.gxf3 Qh3 17.Nf4 Bxf2+ 18.Kxf2 Qxh2+ 
19.Ng2 Bh3 20.Re2 Qxg2+ 21.Ke1 Qxf3 22.c5 b5 
23.Bb3 Rae8 24.d6 Qf1+ 25.Kd2 Rxe2+ 26.Qxe2 cxd6 
27.cxd6 Qf4+ 28.Ke1 1-0

[Event "HCL-B3845"]
[Site "www.playchess.de"]
[Date "2006.03.30"]
[Round "1"]
[White "yeyo"]
[Black "wshlj3"]
[WhiteElo "1210"]
[BlackElo "1402"]
[PlyCount "74"]
[Result "0-1"]

1.e4 {Hello and good luck!}  e5 2.Nf3 Nc6 3.Nc3 
Nf6 4.g3 Bc5 5.d3 O-O 6.Bg2 d6 7.O-O Bg4 8.a3 Qd7 
9.b4 Bb6 10.Bg5 Qe6 11.Nb5 h6 12.Bxf6 Qxf6 13.c4 
a6 14.Nc3 Nd4 15.Nd5 Qd8 16.Nxb6 cxb6 17.h3 Bxf3 
18.Bxf3 Qg5 19.h4 Qg6 20.Bg2 b5 21.cxb5 axb5 
22.Bh3 Ra6 23.Qg4 Qxg4 24.Bxg4 Rfa8 25.f4 exf4 
26.gxf4 R6xa3 27.Rxa3 Rxa3 28.Bc8 b6 29.e5 dxe5 
30.fxe5 Rxd3 31.Re1 Nf3+ 32.Kf2 Nxe1 33.Kxe1 Re3+ 
34.Kd2 Rxe5 35.Ba6 Kf8 36.Kd3 Ke7 37.Kd4 
Kd6 0-1

[Event "HCL-E1547"]
[Site "www.playchess.de"]
[Date "2006.03.30"]
[Round "1"]
[White "Ludger"]
[Black "danrobert"]
[WhiteElo "1520"]
[BlackElo "2000"]
[PlyCount "46"]
[Result "0-1"]

1.e4 c5 2.Nc3 d6 3.Nge2 a6 4.d4 cxd4 5.Nxd4 b5 
6.Be3 Bb7 7.Bd3 Nf6 8.f3 e6 9.Nb3 Be7 10.Qd2 Nbd7 
11.Qf2 O-O 12.O-O-O Qc7 13.g4 b4 14.Na4 Bd8 15.Nd4 
Rc8 16.b3 Ne5 17.Kb1 Nxd3 18.cxd3 Be7 19.Rdc1 Qa5 
20.h4 d5 21.e5 Nd7 22.f4 Nc5 23.Nf5 
exf5 0-1

[Event "HCL-C4229"]
[Site "www.playchess.de"]
[Date "2006.03.30"]
[Round "6"]
[White "Iron_Flower"]
[Black "nicola"]
[WhiteElo "1234"]
[BlackElo "1159"]
[PlyCount "54"]
[Result "0-1"]

1.d4 {Hi, from Leeuwarden, the Netherlands, I 
think we played before}  d6 {Hi, Rhode Island, 
USA}  2.c4 b6 3.Nc3 Bb7 4.e3 Nf6 5.Bd3 e6 6.Nf3 
Be7 7.O-O Nc6 8.e4 Nb4 9.Be2 Nxe4 10.Nxe4 Bxe4 
11.a3 Nc6 12.d5 exd5 13.cxd5 Bxf3 14.Bxf3 Ne5 
15.Bf4 Nxf3+ 16.Qxf3 O-O 17.Rac1 Qd7 18.Rc2 Rae8 
19.Rfc1 Bd8 20.Qg3 Qf5 21.Bh6 Bf6 22.R2xc7 Bxb2 
23.Rxa7 Qxd5 24.Rb1 Qe4 25.Rf1 Be5 26.Qg5 Re6 
27.f3 Qd4+ 0-1

[Event "HCL-A2590"]
[Site "www.playchess.de"]
[Date "2006.03.30"]
[Round "4"]
[White "learche"]
[Black "RUDI"]
[WhiteElo "1453"]
[BlackElo "1234"]
[PlyCount "65"]
[Result "1-0"]

1.e4 e5 2.Nf3 Nc6 3.Bb5 Bd6 4.d3 a6 5.Ba4 Nge7 
6.Bb3 O-O 7.Ng5 Ng6 8.Nxf7 Rxf7 9.Bxf7+ Kxf7 
10.Nc3 Kg8 11.Bd2 Nd4 12.Be3 Bb4 13.O-O Bxc3 
14.bxc3 Nc6 15.d4 d6 16.d5 Nce7 17.Bg5 Qd7 18.f4 
exf4 19.Bxf4 b5 20.Bg5 Bb7 21.Qd2 Rf8 22.Rxf8+ 
Kxf8 23.Rf1+ Kg8 24.Qf2 Qe8 25.Qa7 Qc8 26.Bxe7 
Nxe7 27.Qf2 Ng6 28.Qf7+ Kh8 29.Rf3 c5 30.Rh3 h6 
31.Qxg6 Qf8 32.Rf3 Qe7 33.Rf7 1-0

[Event "HCL-A2607"]
[Site "www.playchess.de"]
[Date "2006.03.30"]
[Round "3"]
[White "Alex77"]
[Black "stevetilbury"]
[WhiteElo "1341"]
[BlackElo "1630"]
[PlyCount "42"]
[Result "1/2-1/2"]

1.e4 {Hi! Good game}  e6 {hello from london, look 
forward to the game}  2.d4 d5 3.Nd2 Nc6 4.c3 e5 
5.Bb5 exd4 6.cxd4 dxe4 7.Nxe4 Qd5 8.Bxc6+ Qxc6 
9.Qf3 Bb4+ 10.Bd2 Bxd2+ 11.Nxd2 Qxf3 12.Ngxf3 Nf6 
13.O-O O-O 14.Rfe1 Re8 15.Rxe8+ Nxe8 16.Re1 Be6 
17.Ng5 Bd5 18.b3 h6 19.Ngf3 Kf8 20.Ne5 Rd8 21.Ndf3 
Bxf3 {(offering draw)}  1/2-1/2

[Event "HCL-E1547"]
[Site "www.playchess.de"]
[Date "2006.03.30"]
[Round "9"]
[White "Eishockeytorwart"]
[Black "Badkarma"]
[WhiteElo "1938"]
[BlackElo "2098"]
[PlyCount "62"]
[Result "0-1"]

1.e4 {willkommen aus Mönchengladbach}  e5 {Grüße 
aus Krefeld!}  2.Nf3 Nc6 3.Bb5 a6 4.Bxc6 dxc6 
5.O-O Bg4 6.h3 h5 7.d3 Qf6 8.Nbd2 Bd6 9.d4 Ne7 
10.Re1 Ng6 11.hxg4 hxg4 12.Nh2 Rxh2 13.Kxh2 Qxf2 
14.Re2 exd4+ 15.e5 Qh4+ 16.Kg1 Bc5 17.Nf1 d3+ 
18.Re3 O-O-O 19.cxd3 Nxe5 20.d4 Bxd4 21.Qxd4 Rxd4 
22.Rxe5 Qf6 23.Re1 Rd8 24.Rb1 g3 25.Nxg3 Qh4 
26.Kf2 f5 27.Rh1 Qc4 28.Ne2 Re8 29.Nc3 b5 30.a3 
Qd4+ 31.Kg3 g5 0-1

[Event "HCL-A2650"]
[Site "www.playchess.de"]
[Date "2006.03.30"]
[Round "6"]
[White "shadow_cup"]
[Black "Alex77"]
[WhiteElo "1413"]
[BlackElo "1394"]
[PlyCount "51"]
[Result "1-0"]

1.e3 {Hello. :) Have a good game ^_^}  e5 {you 
too}  2.Nf3 Nc6 3.Bb5 e4 4.Bxc6 bxc6 5.Nd4 Nf6 
6.O-O c5 7.Ne2 Be7 8.Nbc3 O-O 9.f3 exf3 10.Rxf3 d5 
11.h3 Bb7 12.d4 cxd4 13.exd4 Ne4 14.Qf1 c6 15.Nxe4 
dxe4 16.Rg3 Bh4 17.Rb3 Ba6 18.Bf4 Bxe2 19.Qxe2 
Qxd4+ 20.Kh1 f5 21.Rd1 Qf6 22.Rd6 Qf7 23.Rxc6 g5 
24.Rc7 Qf6 25.Rbb7 gxf4 26.Qc4+ 1-0

[Event "HCL-A2602"]
[Site "www.playchess.de"]
[Date "2006.03.30"]
[Round "4"]
[White "dynamike"]
[Black "guitran"]
[WhiteElo "1475"]
[BlackElo "1396"]
[PlyCount "67"]
[Result "1-0"]

1.e4 c5 2.Nf3 d6 3.d4 cxd4 4.Nxd4 e5 5.Nb3 Nf6 
6.Nc3 a6 7.a4 Be6 8.f4 exf4 9.Nd4 Bd7 10.Bxf4 Qe7 
11.Bd3 Nc6 12.Nxc6 Bxc6 13.O-O Rd8 14.Re1 Qd7 
15.e5 dxe5 16.Bxe5 Be7 17.Bxf6 gxf6 18.Qe2 Qe6 
19.Qf2 Qd6 20.Rad1 O-O 21.Bxh7+ Kxh7 22.Rxd6 Bxd6 
23.Re3 Kg6 24.Ne4 Be5 25.c3 Rd1+ 26.Re1 Rfd8 
27.Ng3 R8d2 28.Qf5+ Kg7 29.Qg4+ Kf8 30.Rxd1 Rxg2+ 
31.Kf1 Rxb2 32.Nf5 Bc7 33.Qg7+ Ke8 
34.Qg8+ 1-0

[Event "HCL-A2574"]
[Site "www.playchess.de"]
[Date "2006.03.30"]
[Round "3"]
[White "gambitfan"]
[Black "DeepEcho"]
[WhiteElo "1420"]
[BlackElo "1800"]
[PlyCount "49"]
[Result "1-0"]

1.e4 d5 2.exd5 Qxd5 3.Nc3 Qa5 4.d4 c6 5.Nf3 Nf6 
6.Bc4 Bf5 7.Bd2 e6 8.Nd5 Qd8 9.Nxf6+ Qxf6 10.Qe2 
Nd7 11.c3 Nb6 12.Bb3 Bg4 13.Qe5 Bxf3 14.Qxf6 gxf6 
15.gxf3 Rg8 16.Kf1 Bd6 17.Bc2 h5 18.h4 Ke7 19.b3 
Rad8 20.Re1 Bc7 21.f4 c5 22.f5 cxd4 23.fxe6 fxe6 
24.Bf5 Be5 25.f4 1-0

[Event "HCL-E1579"]
[Site "www.playchess.de"]
[Date "2006.03.30"]
[Round "2"]
[White "Dr_Matt"]
[Black "Maccdavid"]
[WhiteElo "2002"]
[BlackElo "1597"]
[PlyCount "52"]
[Result "0-1"]

1.d4 d5 2.c4 Nc6 3.cxd5 Qxd5 4.e3 e5 5.Nc3 Bb4 
6.Bd2 Bxc3 7.Bxc3 exd4 8.Ne2 Bg4 9.f3 Bxf3 10.gxf3 
Qxf3 11.Bxd4 Nxd4 12.Qxd4 Qxh1 13.Qxg7 O-O-O 
14.Qxh8 Qxh2 15.Qg7 Qh4+ 16.Qg3 Qb4+ 17.Kf2 Qxb2 
18.Rc1 Qb6 19.Bh3+ Kb8 20.Rd1 Qf6+ 21.Ke1 Rxd1+ 
22.Kxd1 Qg6 {(offering draw) Would you settle for 
a draw?}  23.Bf5 Qxg3 24.Nxg3 Nf6 25.e4 h6 26.Ke2 
c5 0-1

[Event "HCL-A2629"]
[Site "www.playchess.de"]
[Date "2006.03.30"]
[Round "7"]
[White "IRONMAIDEN"]
[Black "victorabiodun03"]
[WhiteElo "1202"]
[BlackElo "1596"]
[PlyCount "38"]
[Result "0-1"]

1.c4 {hello and good game!}  Nf6 2.d4 g6 3.Nc3 Bg7 
4.e3 O-O 5.Bd3 d6 6.Nge2 Nc6 7.O-O e5 8.d5 Ne7 
9.b4 Ne8 10.e4 f5 11.f3 f4 12.b5 g5 13.a4 g4 14.a5 
Ng6 15.Bb2 Qg5 16.Na4 Nh4 17.Nec3 gxf3 18.Qd2 Nxg2 
19.Qxg2 Qxg2+ 0-1

[Event "HCL-A2675"]
[Site "www.playchess.de"]
[Date "2006.03.30"]
[Round "10"]
[White "kdchessnut"]
[Black "victorabiodun03"]
[WhiteElo "1300"]
[BlackElo "1621"]
[PlyCount "55"]
[Result "1/2-1/2"]

1.Nf3 {Hi and good luck}  Nf6 {Hi}  2.g3 g6 3.Bg2 
Bg7 4.d4 d6 5.O-O O-O 6.c3 Nc6 7.Na3 e5 8.dxe5 
Nxe5 9.Nxe5 dxe5 10.Bg5 Qe7 11.Qc1 c6 12.Rd1 Be6 
13.Nc2 Rfd8 14.e3 h6 15.Bxf6 Qxf6 16.Rxd8+ Rxd8 
17.Ne1 Bg4 18.Qc2 b6 19.h3 Bf5 20.e4 Bc8 21.Rd1 
Rxd1 22.Qxd1 Qe6 23.b3 Qd7 24.Qxd7 Bxd7 25.c4 Bf8 
26.Nd3 f6 27.f4 Bd6 28.fxe5 {(offering draw)} 
 1/2-1/2

[Event "HCL-C4130"]
[Site "www.playchess.de"]
[Date "2006.03.30"]
[Round "31"]
[White "handrej68"]
[Black "epenz"]
[WhiteElo "1279"]
[BlackElo "949"]
[PlyCount "77"]
[Result "1-0"]

1.d4 d5 2.Bg5 h6 3.Bh4 Nf6 4.Nc3 e6 5.e3 Be7 6.Nf3 
Nbd7 7.Bd3 b6 8.O-O c5 9.Ne5 Nxe5 10.dxe5 Nd7 
11.Bxe7 Qxe7 12.f4 O-O 13.Qh5 c4 14.Be2 a6 15.Rf3 
Kh7 16.g4 g6 17.Qh3 b5 18.g5 h5 19.Rg3 Bb7 20.Bxh5 
Kg7 21.Be2 Rfh8 22.Qg2 Nc5 23.Qh1 Ne4 24.Nxe4 dxe4 
25.h4 f5 26.Rh3 Bd5 27.h5 gxh5 28.Bxh5 Rag8 29.c3 
Kf8 30.Qg2 Bc6 31.Rd1 Be8 32.Bxe8 Kxe8 33.Rd6 a5 
34.Ra6 a4 35.Rxh8 Rxh8 36.Ra8+ Kd7 37.Rxh8 Kc7 
38.g6 Qg7 39.Rh7 1-0

[Event "HCL-A2656"]
[Site "www.playchess.de"]
[Date "2006.03.30"]
[Round "3"]
[White "GED"]
[Black "freno"]
[WhiteElo "1440"]
[BlackElo "1596"]
[PlyCount "69"]
[Result "1-0"]

1.e4 {hello from liverpool, and good luck!}  c6 
{hello from Paris}  2.d4 d5 3.Nc3 dxe4 4.Nxe4 Bf5 
5.Ng3 Bg6 6.h4 h6 7.Nf3 Nd7 8.h5 Bh7 9.Bd3 Bxd3 
10.Qxd3 Ngf6 11.Bd2 e6 12.O-O-O Bd6 13.Ne4 Nxe4 
14.Qxe4 Nf6 15.Qe2 Qc7 16.g3 O-O-O 17.c4 c5 18.Bc3 
Nd7 19.dxc5 Bf8 20.b4 Rg8 21.Ne5 Nxe5 22.Bxe5 Qc6 
23.Rxd8+ Kxd8 24.Rd1+ Kc8 25.Qb2 f6 26.Qd4 Be7 
27.Bd6 Bxd6 28.Qxd6 Qxd6 29.Rxd6 e5 30.Kd2 Kc7 
31.Rd5 Re8 32.Ke3 Rg8 33.Ke4 g5 34.g4 Re8 
35.Rd6 1-0

[Event "HCL-B3875"]
[Site "www.playchess.de"]
[Date "2006.03.30"]
[Round "7"]
[White "vulcan"]
[Black "holysamos"]
[WhiteElo "1133"]
[BlackElo "1200"]
[PlyCount "61"]
[Result "1-0"]

1.e4 e5 2.Nf3 Nc6 3.Bb5 d6 4.d4 exd4 5.Nxd4 Bd7 
6.Nxc6 bxc6 7.Ba4 Nf6 8.Nc3 Be7 9.O-O O-O 10.Bg5 
h6 11.Bh4 Re8 12.Bb3 Bg4 13.f3 Bh5 14.Ne2 d5 
15.exd5 cxd5 16.Ng3 Bg6 17.Bxf6 Bxf6 18.c3 c6 
19.Bc2 Qb6+ 20.Kh1 Qxb2 21.Bxg6 fxg6 22.c4 dxc4 
23.Qd7 c5 24.Ne4 Ref8 25.Nxf6+ gxf6 26.Qd5+ Kg7 
27.Qxc5 c3 28.Rfb1 Qd2 29.Rbd1 Qg5 30.Rd7+ Kg8 
31.Qe7 1-0

[Event "HCL-B3968"]
[Site "www.playchess.de"]
[Date "2006.03.30"]
[Round "9"]
[White "chn"]
[Black "kaio"]
[WhiteElo "1071"]
[BlackElo "1142"]
[PlyCount "88"]
[Result "0-1"]

1.d4 Nc6 2.d5 Nb8 3.Nc3 e6 4.dxe6 fxe6 5.Nf3 Bb4 
6.Qd4 Bxc3+ 7.Qxc3 Nf6 8.Bf4 d6 9.e4 Nc6 10.O-O-O 
Qe7 11.Bb5 Bd7 12.Bg5 Nxe4 13.Qe3 Nxg5 14.Nxg5 Ne5 
15.Bxd7+ Kxd7 16.f4 Ng4 17.Qf3 h6 18.Ne4 Nxh2 
19.Rxh2 d5 20.Nc3 Rad8 21.Rh5 Kc8 22.g4 g5 23.fxg5 
hxg5 24.Rdh1 Rhg8 25.R5h7 Rg7 26.Qd3 Rdg8 27.Nb5 
Kb8 28.Qd4 b6 29.Rxg7 Rxg7 30.Rh8+ Kb7 31.Qa4 a5 
32.Nd4 Qd7 33.Qxd7 Rxd7 34.Nxe6 d4 35.Nd8+ Ka6 
36.Ne6 c5 37.Nxg5 c4 38.a4 c3 39.bxc3 dxc3 40.Ne4 
Rd4 41.Nc5+ Ka7 42.g5 bxc5 43.g6 Rg4 44.Rg8 
Rg1+ 0-1

[Event "HCL-B3928"]
[Site "www.playchess.de"]
[Date "2006.03.30"]
[Round "3"]
[White "ippuli"]
[Black "Andy1"]
[WhiteElo "1546"]
[BlackElo "1491"]
[PlyCount "31"]
[Result "1-0"]

1.e4 {Hello! Good luck....}  d5 2.d4 dxe4 3.f3 
exf3 4.Nc3 f2+ 5.Kxf2 e5 6.Be3 Nf6 7.h3 Bb4 8.dxe5 
Nfd7 9.Qg4 Bxc3 10.bxc3 g6 11.Bg5 f6 12.exf6 Kf7 
13.Bc4+ Kf8 14.Bh6+ {Mate in 2}  Ke8 15.Qe6+ {In 
1}  Qe7 16.Qxe7+ 1-0

[Event "HCL-A2632"]
[Site "www.playchess.de"]
[Date "2006.03.30"]
[Round "8"]
[White "vevivi"]
[Black "victorabiodun03"]
[WhiteElo "1833"]
[BlackElo "1583"]
[PlyCount "65"]
[Result "1-0"]

1.e4 e6 2.d3 d5 3.Nd2 Nf6 4.Ngf3 c5 5.g3 Nc6 6.Bg2 
Bd6 7.O-O O-O 8.c3 dxe4 9.dxe4 e5 10.Nc4 Bc7 
11.Qc2 Be6 12.Ne3 h6 13.Rd1 Qe7 14.Nh4 g6 15.Nd5 
Bxd5 16.exd5 Nd8 17.Bxh6 Re8 18.Nxg6 fxg6 19.Qxg6+ 
Kh8 20.d6 Qf7 21.Qxf7 Nxf7 22.dxc7 Nxh6 23.Rd6 
Nhg8 24.Bxb7 Rac8 25.Bxc8 Rxc8 26.Rc6 Ne8 27.Rxc5 
Rxc7 28.Rxe5 Nef6 29.Rae1 Kg7 30.f4 Kf7 31.h3 Rd7 
32.Kg2 Rd2+ 33.R1e2 1-0

[Event "HCL-E1591"]
[Site "www.playchess.de"]
[Date "2006.03.30"]
[Round "6"]
[White "vega3"]
[Black "Maahinen"]
[WhiteElo "1435"]
[BlackElo "1736"]
[PlyCount "53"]
[Result "1-0"]

1.e4 c6 {hello again. Another caro-Kann?
}  2.d4 {Hi, I'll try to play better this time...} 
 d5 3.exd5 cxd5 4.c4 Nf6 5.Nc3 e6 6.Nf3 Bb4 7.cxd5 
Nxd5 8.Bd2 Nc6 9.Bd3 O-O 10.O-O Be7 11.a3 Nf6 
12.Qe2 Nxd4 13.Nxd4 Qxd4 14.Be3 Qg4 15.f3 Qh5 
16.Ne4 Nd5 17.Bd2 f5 18.Nc3 Bc5+ 19.Kh1 Bd6 20.h3 
Nf4 21.Bxf4 Bxf4 22.Bc4 Qg6 23.Qf2 Bd7 24.a4 a5 
25.Rfd1 Rad8 26.Ne2 Be5 27.Qb6 1-0

[Event "HCL-A2661"]
[Site "www.playchess.de"]
[Date "2006.03.30"]
[Round "9"]
[White "Ulpe"]
[Black "victorabiodun03"]
[WhiteElo "1689"]
[BlackElo "1668"]
[PlyCount "61"]
[Result "1-0"]

1.e4 e6 2.d4 d5 3.Nc3 Nf6 4.Bg5 Be7 5.e5 Nfd7 
6.Bxe7 Qxe7 7.f4 a6 8.Nf3 c5 9.dxc5 Qxc5 10.Qd2 
Nc6 11.Bd3 Nb4 12.a3 Nxd3+ 13.cxd3 O-O 14.d4 Qc4 
15.Rc1 Qb3 16.O-O f6 17.Rf2 fxe5 18.dxe5 Qb6 
19.Nd4 Nc5 20.b4 Ne4 21.Nxe4 dxe4 22.Qe3 Bd7 
23.Qxe4 Rac8 24.Rfc2 Rxc2 25.Rxc2 h6 26.Rc5 Rd8 
27.Qg6 Rc8 28.Nf5 Qxc5+ 29.bxc5 exf5 30.Qd6 Bc6 
31.Qe6+ 1-0

[Event "HCL-C4041"]
[Site "www.playchess.de"]
[Date "2006.03.30"]
[Round "5"]
[White "aquiles"]
[Black "llorusso69"]
[WhiteElo "1062"]
[BlackElo "800"]
[PlyCount "97"]
[Result "1-0"]

1.d4 Nf6 2.Bf4 e6 3.Nf3 Nc6 4.e3 d5 5.a3 Be7 6.c4 
O-O 7.c5 Ne4 8.Be2 Bd7 9.O-O a6 10.Nbd2 Na5 11.b4 
Nc4 12.Nxc4 dxc4 13.Bxc4 Nc3 14.Qd3 Nb5 15.a4 Qe8 
16.axb5 axb5 17.Rxa8 Qxa8 18.Bxb5 Bxb5 19.Qxb5 c6 
20.Qd3 Bf6 21.Ne5 Rd8 22.Ng4 Bxd4 23.exd4 Qa6 
24.Qxa6 bxa6 25.Rd1 f6 26.Bd6 Re8 27.Ra1 e5 
28.dxe5 fxe5 29.Nxe5 g6 30.Rxa6 Kg7 31.Rxc6 Ra8 
32.h3 Ra1+ 33.Kh2 Rb1 34.Rc7+ Kf6 35.Rb7 Ke6 36.b5 
Kd5 37.Nf7 Ke4 38.b6 Kd3 39.c6 Rb2 40.Be5 Rxf2 
41.Rd7+ Ke2 42.c7 Kf1 43.Rd1+ Ke2 44.c8Q Kxd1 
45.Qg4+ Kc2 46.b7 Rxf7 47.b8Q Rf2 48.Qc7+ Kd3 
49.Qc3+ 1-0

[Event "HCL-A2658"]
[Site "www.playchess.de"]
[Date "2006.03.30"]
[Round "20"]
[White "BohdanL"]
[Black "Wernswig"]
[WhiteElo "1472"]
[BlackElo "1416"]
[PlyCount "93"]
[Result "1-0"]

1.e4 {hi, nice to meet you again, good luck}  e5 
{hi, good luck to you too}  2.f4 d5 3.exd5 e4 4.d3 
Qxd5 5.Nc3 Bb4 6.Bd2 Bxc3 7.Bxc3 f6 8.Qe2 Ne7 
9.dxe4 Qc6 10.O-O-O O-O 11.Qc4+ Be6 12.Qxc6 Nbxc6 
13.a3 Rfd8 14.Rxd8+ Rxd8 15.Nf3 Bg4 16.h3 Bxf3 
17.gxf3 Nd4 18.Bxd4 Rxd4 19.c3 Rd8 20.Bc4+ Kf8 
21.Rd1 Rxd1+ 22.Kxd1 Ng6 23.f5 Ne5 24.Bd5 c6 25.f4 
Nd7 26.Be6 Nc5 27.Bc8 Nxe4 28.Bxb7 c5 29.Bxe4 {i 
think that was mistake, better was to check on 
Kf2+ and then take another pawn}  Ke7 {i think it 
too. i want to make it bach but i hit the wrong 
button}  30.Kd2 Kd6 31.Kd3 a6 32.b4 h6 33.Bb7 cxb4 
34.cxb4 Kc7 35.Bxa6 Kb6 36.Bc4 Kc6 37.a4 Kb6 
38.a5+ Ka7 39.Kd4 Kb7 40.Kd5 Kc7 41.Kc5 Kc8 42.b5 
Kc7 43.b6+ Kc8 44.Kc6 Kb8 45.a6 Ka8 46.Kc7 h5 
47.b7+ 1-0

[Event "HCL-C4224"]
[Site "www.playchess.de"]
[Date "2006.03.30"]
[Round "6"]
[White "Linman2"]
[Black "provi"]
[WhiteElo "1389"]
[BlackElo "800"]
[PlyCount "71"]
[Result "1-0"]

1.e4 g6 2.d4 d6 3.Bc4 e6 4.Ne2 Nc6 5.O-O Qe7 6.c3 
Bd7 7.b4 O-O-O 8.a4 e5 9.d5 Nb8 10.b5 Nf6 11.Nd2 
Bh6 12.a5 Bxd2 13.Bxd2 Nxe4 14.b6 cxb6 15.axb6 a6 
16.Qc2 f5 17.Be3 Nc5 18.Rfb1 f4 19.Bxc5 Bf5 20.Bd3 
e4 21.Nd4 exd3 22.Nxf5 Qe4 23.Nxd6+ Rxd6 24.Qa4 
Qxa4 25.Rxa4 Rxd5 26.Bd4 Rhd8 27.Rd1 R8d6 28.f3 
Nc6 29.Rxd3 h5 30.Rd2 g5 31.h4 gxh4 32.Kh2 Ne7 
33.Rc4+ Kb8 34.Re2 Nf5 35.Be5 Rxe5 
36.Rxe5 1-0

[Event "HCL-A2629"]
[Site "www.playchess.de"]
[Date "2006.03.30"]
[Round "33"]
[White "nico21"]
[Black "IRONMAIDEN"]
[WhiteElo "1513"]
[BlackElo "1202"]
[PlyCount "69"]
[Result "1-0"]

1.e4 e5 2.Nf3 Nc6 3.Bb5 a6 4.Ba4 Bd6 5.O-O b5 
6.Bb3 Nf6 7.Re1 O-O 8.c3 Bc5 9.h3 d6 10.a3 g6 
11.d4 exd4 12.cxd4 Bb6 13.Bg5 Re8 14.e5 dxe5 
15.dxe5 Qxd1 16.Rxd1 Ne4 17.Be3 Bxe3 18.fxe3 Nxe5 
19.Bd5 Nxf3+ 20.gxf3 Nd6 21.Bxa8 Rxe3 22.Nc3 Bxh3 
23.Kf2 Re7 24.Nd5 Re5 25.Rde1 Rxe1 26.Rxe1 c5 
27.Nf6+ Kg7 28.Ne8+ Nxe8 29.Rxe8 c4 30.Bb7 a5 
31.Bc6 b4 32.a4 c3 33.bxc3 bxc3 34.Re1 Be6 
35.Rc1 1-0

[Event "HCL-C4160"]
[Site "www.playchess.de"]
[Date "2006.03.30"]
[Round "6"]
[White "Tribun"]
[Black "Falcochen"]
[WhiteElo "790"]
[BlackElo "800"]
[PlyCount "47"]
[Result "1-0"]

1.e4 e5 2.Nf3 Nc6 3.d3 Nf6 4.Be3 d5 5.Nc3 Bb4 
6.Bd2 d4 7.Ne2 Bxd2+ 8.Qxd2 O-O 9.O-O-O Be6 10.b3 
Ng4 11.Qe1 Qd6 12.Ng5 h6 13.Nf3 Qa3+ 14.Kd2 Qxa2 
15.Rc1 Bxb3 16.h3 Nf6 17.g4 Nb4 18.Nexd4 exd4 
19.Nxd4 Rad8 20.Nxb3 Rfe8 21.Kd1 Nxe4 22.Qxb4 
Nxf2+ 23.Kd2 Nxh1 24.Ra1 1-0

[Event "HCL-C4098"]
[Site "www.playchess.de"]
[Date "2006.03.30"]
[Round "18"]
[White "Thrustnicely"]
[Black "aidogael"]
[WhiteElo "970"]
[BlackElo "1126"]
[PlyCount "150"]
[Result "0-1"]

1.e4 e5 2.d3 Nf6 3.g4 d5 4.Bh3 Bc5 5.g5 Bxh3 
6.Nxh3 Nfd7 7.exd5 O-O 8.c3 c6 9.d4 exd4 10.cxd4 
Bb4+ 11.Kf1 Nb6 12.dxc6 Nxc6 13.a3 Be7 14.b4 Qxd4 
15.Qxd4 Nxd4 16.Be3 Nf5 17.Bxb6 axb6 18.Rg1 Bxb4 
19.Kg2 Bc5 20.Ra2 f6 21.Re2 Bxa3 22.gxf6 Rxf6 
23.Rge1 Bb4 24.R2e8+ Rxe8 25.Rxe8+ Kf7 26.Rb8 Nd6 
27.Ng5+ Kg6 28.h4 h6 29.Nh3 b5 30.Kg3 Be1 31.Na3 
b4 32.Nc2 b3 33.Na3 Bb4 34.Nb1 Rf5 35.Nf4+ Kf7 
36.Nd3 Bc5 37.f4 g5 38.Ne5+ Kg7 39.hxg5 hxg5 
40.Kg4 Rxf4+ 41.Kg3 Rf1 42.Nd2 b2 43.Nd3 Rd1 
44.Nxb2 Rxd2 45.Na4 Ba3 46.Nb6 Rb2 47.Nd5 b5 
48.Kg4 Kg6 49.Rg8+ Kf7 50.Ra8 Bc5 51.Kxg5 b4 
52.Kf4 b3 53.Rb8 Rb1 54.Kf3 b2 55.Ke2 Bd4 56.Kd3 
Be5 57.Nc3 Bxc3 58.Kxc3 Nc4 59.Kxc4 Rc1+ 60.Kd3 
b1Q+ 61.Rxb1 Rxb1 62.Kc2 Rb4 63.Kc3 Rg4 64.Kd3 Kf6 
65.Ke3 Kf5 66.Kf3 Re4 67.Kf2 Ke5 68.Kf3 Kf5 69.Kf2 
Kf4 70.Kg2 Re3 71.Kf2 Ke4 72.Kg2 Rf3 73.Kg1 Ke3 
74.Kh2 Kf2 75.Kh1 {Foiled again !! maybe next time 
- good luck until then ....}  Rh3+ {Thanks. Great 
game!}  0-1